000 00821nam a22002657a 4500
005 20170124110237.0
010 _aA-439124
020 _c295.00
_a8120313151
035 _aA-439124
037 _bCen Lib/Ret
040 _aDPL
_bEN
082 _a004.16
_bBUC
100 _aBucki, Lisa A.
_941782
245 _aBig basic book of PCs /
_c by Lisa A. Bucki;Jennifer Fulton [and] Ed Guilford
250 _a2th ed
260 _aNew Delhi
_bPrentice Hall
_c1998
270 _aM-97 Connaught Circus
_bNew Delhi
_e110001
300 _axviii,586p. :
_c27cm(Hb)
_bill.
500 _aIncludes index
650 _aMicrocomputers
_942365
650 _aMicrosoft Windows (Computer file)
_942366
700 _942292
_aFulton, Jennifer
700 _aEd Guilford
_942367
942 _2ddc
_cEN
_h004.16
_kBUC
999 _c134971
_d134971